| 000 | 01107nam a22002537a 4500 | ||
|---|---|---|---|
| 005 | 20170124103148.0 | ||
| 010 | _aB-082098 | ||
| 020 |
_c50.00 _a812373882 |
||
| 035 | _aB-082098 | ||
| 037 | _bCen Lib/Ret | ||
| 040 |
_aDPL _bHN |
||
| 082 |
_a641.300954 _bअच्चया |
||
| 100 |
_aअच्चया, के.टी. _986922 |
||
| 245 |
_aप्रतिदिन का भारतीय संसाधित आहार / _cके.टी. अच्चया |
||
| 246 |
_aPratidin ka bhartiya sansadhit aahar / _bby K.T. Achchaya |
||
| 260 |
_aनई दिल्ली _bनेशनल बुक ट्रस्ट _c2002 |
||
| 270 |
_bनई दिल्ली _aए-5, ग्रीन पार्क _e110016 |
||
| 300 |
_a189पृ. _c21सेमी (सजिल्द) |
||
| 650 |
_aआहार - भारत। _934 |
||
| 650 |
_a खाद्य आपूर्ति - भारत। _986923 |
||
| 650 |
_aDiet -- India. _986924 |
||
| 650 |
_aDiet -- India. Food supply -- India. _986925 |
||
| 942 |
_2ddc _cHN _h641.300954 _mअच्चया |
||
| 999 |
_c119799 _d119799 |
||